LDR 00693naa#a2200181#i#450# 001 EN\\bibl\19923 005 20260701121226.3 100 ## _a20260630b2026####ek#y0engy0150####ca 102 ## _aRU 200 1# _aARE THE NORMAL FORMS PDNF AND PCNF PERFECT? ALGEBRAIC "PASSPORT" OF A LOGICAL FUNCTION _eConference article/thesis 210 1# _aVoronezh _cFSBE Institution of Higher Education Voronezh State University of Forestry and Technologies named after G.F. Morozov _d2026 215 ## _a5 с. 608 ## _aConference article/thesis _2local 675 ## _aАлгоритмы. 004.021 _z 700 #1 _aBoyarchuk _gA. A. 700 #1 _aAvilova _gO. A. 700 #1 _aZolnikov _gKonstantin Vladimirovich 856 4# _abibl.vgltu.ru _u